Easy Countries by a Single Word - Statistics

General Stats
  • This quiz has been taken 75 times
  • The average score is 9 of 10
Answer Stats
Word Country % Correct
Kangaroo Australia
98%
Pasta Italy
98%
Eiffel France
97%
Taco Mexico
94%
Pharaoh Egypt
91%
Kiwi New Zealand
88%
Pope Vatican City
86%
Jew Israel
83%
Fjord Norway
81%
Samsung South Korea
78%
No matching quizzes found
Score Distribution
Percent of People with Each Score
Percentile by Number Answered
Your Score History
You have not taken this quiz